Laddar...

Microeconomics /

Bibliografiska uppgifter
Huvudupphovsman: Salvatore, Dominick
Materialtyp: Printed Book
Språk:English
Publicerad: Harper - Collinos, 1991.
Ämnen:
LEADER 00528 a2200145 4500
008 100208b ||||| |||| 00| 0 eng d
082 |a 338.5 
100 |a Salvatore, Dominick. 
245 |a Microeconomics /  |c Dominick Salvatore 
260 |b Harper - Collinos,  |c 1991. 
500 |a USD 29.65 @ Rs. 41.00 
650 |a microeconomics 
942 |c BK 
999 |c 316279  |d 316279 
952 |0 0  |1 0  |2 ddc  |4 0  |6 338_500000000000000_SAL_M  |7 0  |9 362382  |a ECN  |b ECN  |c ST1  |d 2010-09-07  |g 0.00  |i 6789  |l 14  |m 6  |o 338.5 SAL/M  |p ECN6789  |r 2021-07-26  |s 2020-10-12  |w 2010-09-07  |y BK